000 00358nam a2200145Ia 4500
008 230711s9999||||xx |||||||||||||| ||und||
041 _aENG
082 _a624
_bSI-S
100 _aSingh R P
245 0 _aDesign of small canal structure
250 _a2nd
260 _c1986
_aNew Delhi
_bScientific Publication Ltd,
650 _aCivil Engineering
942 _cBK
999 _c600
_d600